000 00476cam a2200193ua 4500
020 _cRs.5.00
041 _aeng
_h
082 _a516.06
_bDES/PR
100 _aDeshpande, D.L.
245 _aPractical solid geometry /
_cD.L DeshpaNDE.
_hTextual Documents
250 _a5 /
_b.
260 _aTrichur :
_bNeo Saraswathi PTG. works ,
_c1961.
300 _a ; .
365 _aRs.5.00
504 _a
700 1 _aRajaraman, S.
942 _cBK
999 _c1498
_d1498